[Event "Preferente Grupo II"]
[Site ""]
[Date "2011.03.12"]
[Round "6.69"]
[White "Fandino Roquelina"]
[Black "Gimeno Oteo Marco Antonio"]
[Result "1-0"]
[WhiteElo "2148"]
[BlackElo "2152"]

1.e4 e5 2.Nf3 f5 3.Nxe5 Qf6 4.d4 d6 5.Nc4 fxe4 6.Nc3 Qg6 7.Ne3 c6 8.d5 Nf6 9.
Bc4 Nbd7 10.Qe2 Be7 11.Bd2 Ne5 12.Bb3 Bd7 13.O-O-O c5 14.f4 exf3 15.gxf3 Qh5
16.f4 Qxe2 17.Nxe2 Neg4 18.Nxg4 Bxg4 19.Rde1 Kf7 20.c4 Ne4 21.Bc2 Nxd2 22.Kxd2
Bf6 23.Nc3 Bh4 24.Ref1 a6 25.Ne4 Rad8 26.Ng5+ Kf6 27.Rhg1 Bf5 28.Bxf5 Kxf5 29.
Nf7 Bf6 30.Re1 Kxf4 31.Ref1+ 1-0

[Event "Preferente Grupo II"]
[Site ""]
[Date "2011.03.12"]
[Round "6.70"]
[White "Cebrian Valverde Jose Antonio"]
[Black "Rodriguez Leiva Manuel"]
[Result "1-0"]
[WhiteElo "2138"]
[BlackElo "2109"]

1.d4 d5 2.c4 e6 3.g3 c6 4.Nd2 Bb4 5.Qc2 Nf6 6.Bg2 O-O 7.Nf3 Nbd7 8.O-O Re8 9.
Rd1 h6 10.b3 b6 11.e4 Bxd2 12.Nxd2 dxe4 13.Nxe4 Nxe4 14.Qxe4 Bb7 15.Bf4 Qf6
16.Re1 Rac8 17.Bd6 Ba8 18.c5 bxc5 19.dxc5 Qg5 20.Rac1 Nf6 21.Qa4 Nd5 22.Rc2
Qg6 23.Rd2 Qg5 24.f4 Qg4 25.Qxa7 Rcd8 26.Qa6 Rd7 27.Qf1 Ra7 28.Bh3 Qg6 29.f5
Qg5 30.Bf4 Nxf4 31.Qxf4 Qe7 32.fxe6 Qxc5+ 33.Qf2 Qxf2+ 34.Rxf2 fxe6 35.Rxe6
Rae7 36.Rfe2 Kf7 37.Rxe7+ Rxe7 38.Rxe7+ Kxe7 39.Kf2 c5 40.Bg2 Bxg2 41.Kxg2 Kd6
42.Kf3 1-0

[Event "Preferente Grupo II"]
[Site ""]
[Date "2011.03.12"]
[Round "6.71"]
[White "Buil Rello Jose Antonio"]
[Black "Gutierrez Minguenza Ruben"]
[Result "1/2-1/2"]
[WhiteElo "1955"]
[BlackElo "2112"]

1.e4 c5 2.Nf3 Nc6 3.d4 cxd4 4.Nxd4 Nf6 5.f3 e5 6.Nb5 d6 7.c4 Be7 8.Be3 O-O 9.
Be2 Be6 10.O-O a6 11.N5c3 Rc8 12.Nd5 Nd7 13.Nxe7+ Qxe7 14.Nc3 Na5 15.b3 b5 16.
Nd5 Bxd5 17.cxd5 Nb8 18.Qd2 Nb7 19.Rfc1 Qd7 20.Rxc8 Rxc8 21.Rc1 Qd8 22.Rc2 Rc7
23.Qc1 Rxc2 24.Qxc2 g6 25.g3 Nc5 26.Bd1 Ncd7 27.Kg2 a5 28.Be2 b4 29.Bb5 Nc5
30.Qc4 Qb6 31.f4 f6 32.fxe5 fxe5 33.Qf1 Qd8 34.Qc4 Qc7 35.h4 Kg7 36.Bg5 Qf7
37.Be3 Qc7 38.Kh2 Qc8 39.Qc2 Nbd7 40.Bxd7 Qxd7 41.Bxc5 Qc7 42.Kg2 dxc5 43.Qc4
Qb6 44.Kf2 Qf6+ 45.Ke2 Qb6 46.Kd3 Kf6 47.Kc2 h5 48.Kb2 Ke7 49.Qf1 Ke8 50.Qc1
Qb5 51.Qc2 Kd7 52.Qf2 Ke7 53.Qe3 Kd6 54.Qf2 Ke7 1/2-1/2

[Event "Preferente Grupo II"]
[Site ""]
[Date "2011.03.12"]
[Round "6.72"]
[White "Palomar Ramon Santiago"]
[Black "Salas Latorre Jose"]
[Result "0-1"]
[WhiteElo "2041"]
[BlackElo "1745"]

1.e4 c6 2.d4 d5 3.exd5 cxd5 4.Bd3 Nf6 5.c3 Nc6 6.Nf3 Bg4 7.Nbd2 e6 8.Qa4 Qa5
9.Qxa5 Nxa5 10.Ne5 Bd6 11.Nxg4 Nxg4 12.h3 Nf6 13.O-O Nc6 14.Re1 O-O 15.Nf3 h6
16.Ne5 Rac8 17.f4 Rc7 18.Bd2 Re7 19.Re2 Nd7 20.Rf1 Bc7 21.Nxc6 bxc6 22.f5 e5
23.dxe5 Rxe5 24.Rxe5 Nxe5 25.Ba6 f6 26.Be3 Bb6 27.Kf2 Rb8 28.b4 Bxe3+ 29.Kxe3
Kf7 30.Kd4 Ke7 31.a3 Rb6 32.Bc8 Kd6 33.Be6 Ra6 34.Ra1 Ra4 35.c4 Nxc4 36.Rd1
Rxa3 37.Rd3 Rxd3+ 38.Kxd3 c5 39.bxc5+ Kxc5 40.Kc3 a5 41.Kb3 Nb6 42.Bf7 Kd4 43.
Be6 Ke3 44.Kc3 d4+ 45.Kc2 d3+ 46.Kd1 a4 47.g4 a3 48.Bb3 Na4 0-1

[Event "Division Honor Grupo I"]
[Site ""]
[Date "2011.03.19"]
[Round "7.1"]
[White "Del Rey Diego"]
[Black "Garza Marco Sergio"]
[Result "0-1"]
[WhiteElo "2374"]
[BlackElo "2436"]

1.Nf3 d5 2.d4 Nf6 3.c4 e6 4.Nc3 Bb4 5.cxd5 exd5 6.Bg5 O-O 7.Qb3 c5 8.dxc5 Nc6
9.O-O-O Be6 10.e4 dxe4 11.Rxd8 Bxb3 12.Rxa8 Rxa8 13.Bxf6 gxf6 14.axb3 exf3 15.
gxf3 Bxc5 16.Ne4 Bd4 17.Bc4 Rd8 18.Kb1 Kf8 19.Rd1 a6 20.h3 b5 21.Be2 f5 22.Ng3
f4 23.Ne4 f5 24.Rc1 Nb4 25.Ng5 Re8 26.Bd1 h6 27.Nh7+ Kg8 28.Rc7 Bg7 0-1

[Event "Division Honor Grupo I"]
[Site ""]
[Date "2011.03.19"]
[Round "7.2"]
[White "Antoli Royo Joaquin Miguel"]
[Black "Chueca Forcen Alberto"]
[Result "0-1"]
[WhiteElo "2430"]
[BlackElo "2295"]

1.e4 d5 2.exd5 Qxd5 3.Nc3 Qa5 4.Bc4 Nf6 5.d3 c6 6.Qe2 Bg4 7.f3 Bf5 8.Bd2 e6 9.
g4 Bg6 10.f4 Be7 11.Nd5 Qd8 12.Nxe7 Qxe7 13.O-O-O h5 14.f5 exf5 15.Qg2 O-O 16.
gxh5 Bxh5 17.Nf3 Nbd7 18.Rhg1 g6 19.Rde1 Qd6 20.Nh4 Ng4 21.h3 Nge5 22.Nxf5 Qf6
23.Ref1 Kh7 24.Bg5 Qh8 25.Ng3 Nxc4 26.dxc4 Kg8 27.Qd2 f6 28.Qxd7 fxg5 29.Qe6+
Kg7 30.Nf5+ Kh7 31.Qe7+ Kg8 32.Qxg5 Rae8 33.Ne7+ Kh7 34.Rxf8 Qxf8 35.Nxg6 Qh6
36.Nf4 Re1+ 37.Kd2 Rxg1 38.Qxg1 Qxf4+ 39.Kc3 Qf3+ 40.Kb4 Qf8+ 41.Kb3 Qf3+ 42.
Kb4 Qf8+ 43.Kb3 c5 44.Qg5 Qf3+ 45.c3 b6 46.Ka3 Bg6 47.h4 Qf5 48.Qd8 Qf7 49.b3
Kg7 50.Qg5 Qf6 51.Qg3 Kf8 52.Kb2 Be8 53.Qh2 Qf5 54.Qg3 Ke7 55.Qc7+ Bd7 56.Qg3
Kf7 57.Qh2 Kg6 58.Ka3 Kh5 59.Qc7 Qd3 60.Qf4 Qf5 61.Qc7 Kxh4 62.Qxa7 Qe6 63.Qc7
Kg5 64.Qg3+ Kf6 65.Qf4+ Ke7 66.Qg3 Qh6 67.Qe5+ Qe6 68.Qg3 Qd6 69.Qg5+ Ke8 70.
Qg8+ Ke7 71.Qg5+ Qf6 72.Qxf6+ Kxf6 73.Kb2 Kf5 74.a4 Bxa4 75.bxa4 Ke4 76.Ka3
Ke3 77.Ka2 Ke2 78.Ka3 Kd1 79.a5 bxa5 80.Ka4 Kc2 81.Kb5 Kxc3 82.Kxc5 a4 83.Kd5
a3 84.c5 a2 85.c6 a1=Q 86.Kd6 Qd1+ 87.Ke7 Qe2+ 88.Kd7 Qd3+ 89.Kc8 Qf5+ 0-1

[Event "Division Honor Grupo I"]
[Site ""]
[Date "2011.03.19"]
[Round "7.3"]
[White "Melendez Fierro Juan Bautista"]
[Black "Fontana Sotomayour Luis Javier"]
[Result "1-0"]
[WhiteElo "2224"]
[BlackElo "2371"]

1.e4 c5 2.Nc3 Nc6 3.Nf3 Nf6 4.Bb5 Nd4 5.e5 Nxb5 6.Nxb5 Nd5 7.O-O a6 8.Nc3 Nxc3
9.dxc3 e6 10.Ng5 f5 11.exf6 Qxf6 12.Re1 Be7 13.Ne4 Qe5 14.Bg5 Qc7 15.Bxe7 Kxe7
16.Qg4 Qe5 17.Qh4+ g5 18.Nxg5 Qf6 19.f4 h6 20.Nf3 Qxh4 21.Nxh4 Kf6 22.Rad1 d5
23.f5 Rd8 24.fxe6 Bxe6 25.Rf1+ Ke7 26.Nf5+ Kd7 27.Nxh6 Rf8 28.g4 Kd6 29.Kg2 b5
30.Kg3 b4 31.cxb4 cxb4 32.h4 Rxf1 33.Rxf1 Rc8 34.Rf2 Rc4 35.g5 a5 36.g6 d4 37.
g7 Rc7 38.Nf7+ Rxf7 39.g8=Q Rf3+ 40.Rxf3 Bxg8 41.Kf4 Bxa2 42.b3 Kd5 43.h5 Bb1
44.Rf2 d3 45.cxd3 Kd4 46.h6 Bxd3 47.Rd2 1-0

[Event "Division Honor Grupo I"]
[Site ""]
[Date "2011.03.19"]
[Round "7.4"]
[White "Ramiro Ovejero Juan Luis"]
[Black "Palacios Latasa Elias"]
[Result "1-0"]
[WhiteElo "2365"]
[BlackElo "2198"]

1.d4 d5 2.Nf3 Nf6 3.c4 c6 4.Nc3 dxc4 5.a4 Bf5 6.e3 e6 7.Bxc4 Bb4 8.O-O Nbd7 9.
Bd3 Bg4 10.h3 Bxf3 11.Qxf3 e5 12.d5 O-O 13.dxc6 bxc6 14.Rd1 Qc7 15.Bd2 Rfe8
16.Ne4 Bxd2 17.Rxd2 Nxe4 18.Bxe4 Nf6 19.Rc1 Nxe4 20.Qxe4 Rac8 21.Rdc2 Re6 22.
b4 Qd7 23.b5 c5 24.Rxc5 Rxc5 25.Rxc5 Qd1+ 26.Kh2 g6 27.Rxe5 Rxe5 28.Qxe5 Qxa4
29.Qd5 h5 30.Kg3 Qa3 31.Kf4 Kg7 32.Qd4+ Kf8 33.Ke5 Ke7 34.Kd5 Kd7 35.Kc4+ Ke8
36.e4 Qa5 37.Qe5+ Kf8 38.Qc5+ Kg7 39.Kd5 Qd8+ 40.Qd6 Qa5 41.Qc5 Qd8+ 42.Kc4
Qa5 43.e5 Qa2+ 44.Kd3 Qb1+ 45.Kd4 Qa2 46.Ke4 Kg8 47.g4 hxg4 48.hxg4 Kg7 49.e6
fxe6 50.Ke5 Qe2+ 51.Kd6 Qxg4 52.Qxa7+ Kh6 53.Qe3+ Kh5 54.b6 g5 55.Qxe6 Qf4+
56.Ke7 Qxf2 57.Qf7+ 1-0

[Event "Division Honor Grupo I"]
[Site ""]
[Date "2011.03.19"]
[Round "7.6"]
[White "Ramon Perez Jose Luis"]
[Black "Velamazan Gomez Angel"]
[Result "1-0"]
[WhiteElo "2219"]
[BlackElo "1966"]

1.e4 d6 2.Nc3 Nf6 3.f4 g6 4.Nf3 Bg7 5.Bc4 c6 6.d3 b5 7.Bb3 b4 8.Na4 Qc7 9.O-O
O-O 10.Qe1 a5 11.Qh4 e5 12.fxe5 dxe5 13.Ng5 h5 14.Nxf7 Rxf7 15.Rxf6 Bxf6 16.
Qxf6 Qa7+ 17.Kh1 1-0

[Event "Division Honor Grupo I"]
[Site ""]
[Date "2011.03.19"]
[Round "7.7"]
[White "Ferrer Echevarri Javier"]
[Black "Delgado Salcedo Eduardo"]
[Result "0-1"]
[WhiteElo "1959"]
[BlackElo "2179"]

1.f4 Nf6 2.Nf3 g6 3.e3 Bg7 4.Be2 O-O 5.O-O c5 6.d4 d5 7.c3 Qc7 8.Na3 a6 9.Nc2
Ne4 10.Nd2 Bf5 11.g4 Nxd2 12.Bxd2 Bxc2 13.Qxc2 cxd4 14.f5 dxc3 15.fxg6 hxg6
16.Rac1 Nd7 17.Bxc3 Bxc3 18.Qb3 Qe5 19.Qxc3 Qg5 20.Rf2 Nf6 21.Qd3 Rac8 22.Rcf1
Nxg4 23.Bxg4 Qxg4+ 24.Rg2 Qe4 25.Qe2 Rc6 26.Qf2 Rf6 27.Qd2 Rxf1+ 28.Kxf1 Rc8
0-1

[Event "Division Honor Grupo I"]
[Site ""]
[Date "2011.03.19"]
[Round "7.10"]
[White "Valiente Roy Jose Javier"]
[Black "Vera Jimenez Andres"]
[Result "1/2-1/2"]
[WhiteElo "2092"]
[BlackElo "2006"]

1.Nf3 d5 2.c4 c6 3.g3 Nf6 4.Bg2 e6 5.b3 Bd6 6.Bb2 Nbd7 7.d4 O-O 8.O-O b6 9.
Nbd2 Bb7 10.Qc2 h6 11.e4 dxe4 12.Nxe4 Nxe4 13.Qxe4 Nf6 14.Qe2 c5 15.Rad1 Qe7
16.Ne5 Bxg2 17.Kxg2 Rac8 18.dxc5 Bxc5 19.Qf3 Qc7 20.Ng4 Nxg4 21.Qxg4 f5 22.Qe2
Qc6+ 23.f3 Rfd8 24.Rxd8+ Rxd8 25.Rd1 Rxd1 26.Qxd1 Qd6 27.Qxd6 Bxd6 28.f4 Kf7
29.Bc3 g6 30.b4 Ke7 31.Kf3 Kd7 32.b5 Bc5 33.Bg7 h5 34.Ke2 Be7 35.a4 h4 36.Bd4
h3 37.Kf3 Bb4 38.g4 Be1 39.c5 Kc7 40.c6 Kc8 41.Be5 Kd8 42.Bd4 Kc7 43.Bf6 Kc8
44.Ke2 Bg3 45.gxf5 exf5 46.Bg5 Bxh2 47.Kf2 Kc7 1/2-1/2

[Event "Division Honor Grupo I"]
[Site ""]
[Date "2011.03.19"]
[Round "7.12"]
[White "Iglesias Fernandez Luis"]
[Black "Zalaya Gracia Alejandro"]
[Result "0-1"]
[WhiteElo "1838"]
[BlackElo "1692"]

1.d4 d5 2.Bf4 Nf6 3.e3 Bf5 4.c4 c6 5.Qb3 Qb6 6.c5 Qxb3 7.axb3 Nbd7 8.Nc3 Nh5
9.Kd2 Nxf4 10.exf4 a6 11.Bd3 Bxd3 12.Kxd3 e6 13.Nf3 g6 14.b4 Rb8 15.Rhe1 Bg7
16.Ne5 Nxe5+ 17.fxe5 O-O 18.Na4 Rfe8 19.f4 Re7 20.Re3 Rc7 21.g4 Rf8 22.f5 exf5
23.gxf5 f6 24.e6 Re7 25.fxg6 hxg6 26.Nc3 Rfe8 27.Rae1 Bh6 28.R3e2 Bf4 29.Nd1
Rh7 30.Rh1 Rh3+ 31.Kc2 Kg7 32.Nf2 Re3 33.Rxe3 Bxe3 34.Nd3 Bxd4 35.Re1 Rh8 36.
Re2 Kf8 37.Nf4 Rh6 38.e7+ Ke8 39.Ne6 Be5 40.Nd8 Kxe7 41.Nxb7 Kd7 42.Na5 Rxh2
43.Rxh2 Bxh2 44.Nb3 Be5 45.Nd2 g5 46.b3 g4 47.Kd3 f5 48.Nf1 Ke6 49.Ne3 Bf4 50.
Ng2 Bg5 51.Kd4 f4 0-1

[Event "Division Honor Grupo I"]
[Site ""]
[Date "2011.03.19"]
[Round "7.13"]
[White "Gomez Anadon Daniel"]
[Black "Baron Rodriguez Jesus"]
[Result "0-1"]
[WhiteElo "2255"]
[BlackElo "2447"]

1.c4 e6 2.Nf3 d5 3.g3 Nf6 4.Bg2 Be7 5.d4 O-O 6.O-O c6 7.b3 a5 8.c5 Nbd7 9.Bb2
b6 10.cxb6 a4 11.Nbd2 Qxb6 12.Ne5 Ba6 13.Rc1 Rfc8 14.Re1 Bb4 15.e3 Qa5 16.Rc2
Nxe5 17.dxe5 Ne4 18.Nxe4 dxe4 19.Rf1 Bd3 20.Qc1 axb3 21.axb3 Qd5 22.Rc4 Bd2
0-1

[Event "Division Honor Grupo I"]
[Site ""]
[Date "2011.03.19"]
[Round "7.14"]
[White "Ruiz Diez Julio Cesar"]
[Black "Quintin Navarro Alberto"]
[Result "1/2-1/2"]
[WhiteElo "2257"]
[BlackElo "2121"]

1.e4 c5 2.Nf3 d6 3.d4 Nf6 4.Nc3 cxd4 5.Qxd4 e5 6.Qd3 h6 7.Be2 Be7 8.O-O O-O 9.
Be3 Nbd7 10.Rad1 a6 11.a4 Qc7 12.Nh4 Nc5 13.Bxc5 Qxc5 14.Nf5 Bxf5 15.exf5 d5
16.Nxd5 Nxd5 17.Qxd5 Qxc2 18.Bd3 Qxb2 19.Qe4 Qb4 20.Rb1 1/2-1/2

[Event "Division Honor Grupo I"]
[Site ""]
[Date "2011.03.19"]
[Round "7.15"]
[White "Labena Bernal Antonio"]
[Black "Lasanta Rica Cesar"]
[Result "1/2-1/2"]
[WhiteElo "2073"]
[BlackElo "2220"]

1.e4 c5 2.c3 Nf6 3.e5 Nd5 4.d4 cxd4 5.Nf3 d6 6.cxd4 Nc6 7.Bc4 Nb6 8.Bb3 d5 9.
Nc3 Bg4 10.Bc2 e6 11.O-O Bxf3 12.gxf3 f5 13.a3 Be7 14.Be3 O-O 15.f4 Nc4 16.Bb3
N6a5 17.Bxc4 Nxc4 18.Qa4 a6 19.b4 b5 20.Qb3 Qb6 21.Ne2 1/2-1/2

[Event "Division Honor Grupo I"]
[Site ""]
[Date "2011.03.19"]
[Round "7.16"]
[White "Castillo Sanjuan Daniel"]
[Black "Arregui Unotria Carlos"]
[Result "0-1"]
[WhiteElo "1944"]
[BlackElo "2038"]

1.e4 c5 2.Nf3 d6 3.d4 Nf6 4.Nc3 cxd4 5.Nxd4 a6 6.f3 e5 7.Nb3 Be6 8.Bg5 Nbd7 9.
Qd2 Qc7 10.a4 Rc8 11.Be2 Be7 12.O-O h6 13.Bh4 O-O 14.Rad1 Rfd8 15.Qe3 Ng4 16.
fxg4 Bxh4 17.g3 Bg5 18.Qf3 Qb6+ 19.Kg2 Nf6 20.a5 Qa7 21.h3 d5 22.exd5 Rxc3 23.
Qxc3 Nxd5 24.Rxd5 Bxd5+ 25.Kh2 e4 26.Qb4 Qe3 27.Bc4 Rc8 28.Bxd5 Qe2+ 0-1

[Event "Division Honor Grupo II"]
[Site ""]
[Date "2011.03.19"]
[Round "7.17"]
[White "Valles Mata David"]
[Black "Llanes Luno Ricardo"]
[Result "1-0"]
[WhiteElo "2152"]
[BlackElo "2224"]

1.e4 c5 2.Nf3 e6 3.Nc3 Nc6 4.d4 cxd4 5.Nxd4 Qc7 6.Be3 Nf6 7.Qd2 Bb4 8.f3 d5 9.
Nxc6 bxc6 10.a3 Be7 11.exd5 exd5 12.Na4 O-O 13.c4 Re8 14.Kf2 Bd6 15.g3 Rb8 16.
Bd3 c5 17.Bg5 dxc4 18.Bxc4 Be5 19.Rhe1 Qd7 20.Qxd7 Bxd7 21.Rxe5 Bxa4 22.Rxe8+
Nxe8 23.b3 Bd7 24.Re1 Nf6 25.Re7 Be6 26.Rxa7 h6 27.Bf4 Rd8 28.Rc7 Bxc4 29.bxc4
Rd3 30.Rxc5 Rxa3 31.g4 g5 32.Be5 Nd7 33.Rc8+ Kh7 34.Bd6 Ra2+ 35.Kg3 Kg6 36.c5
f5 37.gxf5+ Kxf5 38.c6 Nf6 39.Rf8 Ke6 40.c7 Rc2 41.c8=Q+ Rxc8 42.Rxc8 Kxd6 43.
h4 Ke6 44.Rc5 gxh4+ 45.Kxh4 Kf7 46.f4 Ke6 47.f5+ Ke7 48.Rc6 Kf7 49.Rc7+ Kf8
50.Kg3 Kg8 51.Ra7 Kf8 52.Kf4 1-0

[Event "Division Honor Grupo II"]
[Site ""]
[Date "2011.03.19"]
[Round "7.18"]
[White "Lamas Mercadal Manuel"]
[Black "Solano Lasierra Javier"]
[Result "1/2-1/2"]
[WhiteElo "2187"]
[BlackElo "2156"]

1.e4 e6 2.d4 d5 3.e5 c5 4.c3 Nc6 5.Nf3 Qb6 6.a3 Bd7 7.Be2 Nh6 8.b4 cxd4 9.Bxh6
gxh6 10.cxd4 Bg7 11.O-O O-O 12.Nc3 Ne7 13.Bd3 Ng6 14.Rc1 f6 15.exf6 Bxf6 16.
Bxg6 hxg6 17.Qd3 Kg7 18.Rfe1 Rac8 19.Ne5 Bxe5 20.Rxe5 Rf4 21.Rd1 Rcf8 22.Rd2
R8f6 23.g3 Rf3 24.Re3 R3f5 25.Kg2 a6 26.Re1 Qc7 27.Kg1 1/2-1/2

[Event "Division Honor Grupo II"]
[Site ""]
[Date "2011.03.19"]
[Round "7.19"]
[White "Escuer Sanchez Nestor"]
[Black "Llanes Luno Pedro Alfredo"]
[Result "1-0"]
[WhiteElo "2107"]
[BlackElo "2174"]

1.e4 c5 2.Nc3 Nc6 3.Bc4 e6 4.d3 g6 5.f4 Bg7 6.Nf3 Nge7 7.O-O Na5 8.e5 O-O 9.a4
d5 10.Ba2 Bd7 11.Bd2 a6 12.Kh1 b5 13.axb5 axb5 14.Bb1 b4 15.Ne2 Nec6 16.Qe1 f6
17.exf6 Bxf6 18.c3 Rb8 19.Bc2 bxc3 20.bxc3 Nb3 21.Bxb3 Rxb3 22.d4 Qb6 23.Ne5
Be8 24.Nc1 Rb2 25.Ncd3 Rb5 26.dxc5 Qb7 27.Ng4 Bd7 28.Nxf6+ Rxf6 29.Be3 Rf8 30.
Ne5 Nxe5 31.fxe5 Rb8 32.Bh6 Rb2 33.Qh4 d4 34.Rg1 Bc6 35.Qh3 Qd7 36.Rad1 Qd5
37.cxd4 Rf2 {Tiempo} 1-0

[Event "Division Honor Grupo II"]
[Site ""]
[Date "2011.03.19"]
[Round "7.20"]
[White "Roche Simon Miguel Angel"]
[Black "Felez Casedas Carlos"]
[Result "1-0"]
[WhiteElo "2141"]
[BlackElo "2042"]

1.e4 d5 2.exd5 Qxd5 3.Nc3 Qa5 4.d4 Nf6 5.Bc4 c6 6.Nf3 Bf5 7.Bd2 e6 8.Qe2 Bb4
9.a3 Nbd7 10.O-O-O Bxc3 11.Bxc3 Qa4 12.Ne5 Nb6 13.Bd3 Bxd3 14.Rxd3 Nc4 15.Rg3
Nxe5 16.Qxe5 Rg8 17.Qxf6 1-0

[Event "Division Honor Grupo II"]
[Site ""]
[Date "2011.03.19"]
[Round "7.21"]
[White "Laliena Solares Luis"]
[Black "Navarro Alonso Jorge Luis"]
[Result "0-1"]
[WhiteElo "2208"]
[BlackElo "2157"]

1.d4 {299MB, Eco2008.ctg, ASUS X51R
} 1...g6 2.Nf3 Bg7 3.Nc3 d6 4.e4 Nf6 5.Be3 c6 6.Qd2 b5 7.a3 O-O 8.h3 Bb7 9.Bd3
a6 10.Bh6 c5 11.Bxg7 Kxg7 12.e5 Ne8 13.Be4 Nc6 14.dxc5 dxc5 15.Qe3 Nd4 16.Rd1
Nxf3+ 17.Qxf3 Bxe4 18.Qxe4 Qc8 19.O-O Nc7 20.f4 Rb8 21.f5 Rb6 22.f6+ exf6 23.
exf6+ Kh8 24.Qh4 Rd8 25.Rde1 Ne6 26.Qh6 Rb7 27.Re4 g5 28.h4 c4 29.Rf5 Rg8 30.
hxg5 Rg6 31.Qh5 Nc5 32.Ree5 Ne6 33.Ne4 Rd7 34.Nc5 Nxc5 35.Rxc5 Qd8 36.Rf1 Qb6
37.Rf5 Rc7 38.Re5 Rxc5 39.Re8+ Rg8 40.Rxg8+ Kxg8 41.Kh1 Qxf6 0-1

[Event "Division Honor Grupo II"]
[Site ""]
[Date "2011.03.19"]
[Round "7.22"]
[White "Cerrajeria Ruiz Jesus Maria"]
[Black "Latorre Abad Fernando"]
[Result "0-1"]
[WhiteElo "2149"]
[BlackElo "2100"]

1.d4 b6 2.e4 Bb7 3.Bd3 e6 4.Nf3 d6 5.O-O Nd7 6.Nc3 g6 7.Bg5 Ne7 8.e5 h6 9.Bxe7
Bxe7 10.d5 exd5 11.e6 Nc5 12.Re1 O-O 13.exf7+ Kg7 14.Nd4 Qd7 15.Bb5 c6 16.Nxc6
Bf6 17.Ne7 Qd8 18.Ncxd5 Bxe7 19.Nxe7 Rxf7 20.Qd4+ Kh7 21.Nd5 Qg5 22.Rad1 Raf8
23.Re2 Nd7 24.h4 Qh5 25.Re7 Rxe7 26.Nxe7 Qxb5 27.Qxd6 Nf6 28.Nxg6 Rf7 29.Nf8+
Kg8 30.Ne6 Qc6 31.Qg3+ Kh7 32.Nd8 Qxc2 33.Qd3+ Qxd3 34.Rxd3 Rg7 35.Rd6 Ne8 36.
Re6 Bxg2 37.Kh2 Nc7 38.Rd6 Bd5 39.b3 Bg8 40.f4 Nb5 41.Rd3 Rc7 42.a4 Nc3 43.f5
Ne4 44.Ne6 Rc2+ 45.Kg1 Rc1+ 46.Kg2 Rc2+ 47.Kf3 Nf6 48.Kf4 Re2 49.Nf8+ Kg7 50.
Ng6 Re4+ 51.Kf3 Rb4 52.Rd8 Bxb3 53.Rc8 Rc4 54.Rb8 Rc7 55.a5 Bd5+ 56.Kf4 bxa5
57.Ke5 Nd7+ 58.Kd6 Nxb8 59.Kxc7 Nc6 60.Nf4 Be4 61.Nh5+ Kf7 62.Ng3 Bf3 63.Nf1
a4 64.Nd2 Bd5 65.Kd6 Ne7 66.Nb1 Ba2 67.Na3 Nxf5+ 68.Ke5 Nxh4 0-1

[Event "Division Honor Grupo II"]
[Site ""]
[Date "2011.03.19"]
[Round "7.23"]
[White "Cobo Garrido Diego Israel"]
[Black "Montes Santos Lorenzo"]
[Result "1-0"]
[WhiteElo "2062"]
[BlackElo "2044"]

1.e4 {299MB, Eco2008.ctg, ASUS X51R
} 1...c5 2.c3 g6 3.Nf3 Bg7 4.Bc4 Nc6 5.O-O d6 6.Qe2 e5 7.d3 Nf6 8.Rd1 Qe7 9.
Nbd2 O-O 10.Nf1 h6 11.Ng3 Na5 12.Bb5 a6 13.Ba4 b5 14.Bc2 Bb7 15.h3 d5 16.Be3
Rfe8 17.Rab1 Rad8 18.b4 cxb4 19.Bb6 Nc6 20.Bxd8 Rxd8 21.cxb4 Nxb4 22.Bb3 a5
23.a4 bxa4 24.Bxa4 Ba6 25.Ne1 h5 26.Qe3 h4 27.Nf1 Nh5 28.Qb6 Nf4 29.Rxb4 axb4
30.Qxa6 Ne2+ 31.Kh1 Nc3 32.Rc1 dxe4 33.dxe4 Bh6 34.Ra1 Nxe4 35.Qe2 Nc3 36.Qb2
Qc5 37.Bb3 Qb5 38.Nf3 g5 39.Ne3 e4 40.Qc2 exf3 41.Qg6+ Bg7 42.Qxf7+ Kh7 43.
Qh5+ Bh6 44.Bc2+ Kg8 45.Qxh6 fxg2+ 46.Nxg2 Qd5 47.Bh7+ 1-0

[Event "Division Honor Grupo II"]
[Site ""]
[Date "2011.03.19"]
[Round "7.24"]
[White "Matamoros Villarreal Antonio"]
[Black "Sanz Lopez R"]
[Result "0-1"]
[WhiteElo "2021"]
[BlackElo "1935"]

1.e4 {299MB, Eco2008.ctg, ASUS X51R
} 1...c5 2.Nc3 Nc6 3.f4 g6 4.Nf3 Bg7 5.Bc4 d6 6.d3 e6 7.O-O Nge7 8.Bb3 O-O 9.
Qe1 Na5 10.Qh4 Nxb3 11.axb3 Nc6 12.Qf2 f5 13.Be3 b6 14.exf5 exf5 15.d4 Bb7 16.
Rad1 Qc8 17.Nb5 Rd8 18.d5 Nb4 19.c4 a6 20.Nc3 Re8 21.Ng5 Qd7 22.Ne6 Bf6 23.Qd2
Bc8 24.Ng5 Qg7 25.Nf3 Bd7 26.Bf2 Qf8 27.Rfe1 Rxe1+ 28.Rxe1 Re8 29.Rxe8 Qxe8
30.Kf1 h6 31.Qe3 Qxe3 32.Bxe3 Nd3 33.Nd1 Nxb2 34.Nxb2 Bxb2 35.Ke2 a5 36.Kd3 a4
37.bxa4 Bxa4 38.Bd2 Kf7 39.Bc3 Bxc3 40.Kxc3 b5 41.cxb5 Bxb5 42.h4 Bf1 43.Ne1
g5 44.hxg5 hxg5 45.fxg5 Kg6 46.Kd2 Kxg5 47.Ke3 Bc4 48.Nf3+ Kf6 49.Kf4 Bxd5 50.
Nh4 Be6 51.Nf3 Bb3 52.g3 Bd1 53.Nd2 d5 54.Nf1 d4 55.Nd2 Be2 56.Nb3 d3 57.Ke3
c4 58.Nd4 c3 59.Nc6 Kg5 60.Nb4 Kg4 61.Nd5 c2 0-1

[Event "Division Honor Grupo II"]
[Site ""]
[Date "2011.03.19"]
[Round "7.26"]
[White "Bailo Remacha Santiago"]
[Black "Glavina Rossi Pablo"]
[Result "0-1"]
[WhiteElo "2044"]
[BlackElo "2462"]

1.d4 Nf6 2.c4 e6 3.Nc3 Bb4 4.a3 Bxc3+ 5.bxc3 O-O 6.Nf3 b6 7.g3 Bb7 8.Bg2 d6 9.
O-O Nbd7 10.Bf4 Qe7 11.h3 Rfe8 12.Re1 e5 13.Be3 Ne4 14.Qc2 exd4 15.cxd4 Nxg3
16.Ng5 Ne4 17.h4 h6 18.Nf3 Ndf6 19.d5 Bc8 20.Bd4 Nh5 21.e3 Bf5 22.Kh2 Bg4 23.
Rh1 Bxf3 24.Bxf3 Qxh4+ 25.Kg2 Qg5+ 26.Kf1 Qf5 27.Bxe4 Ng3+ 28.Ke1 Rxe4 29.Rb1
Rxe3+ 30.Kd1 Qf3+ 31.Kc1 Ne2+ 0-1

[Event "Division Honor Grupo II"]
[Site ""]
[Date "2011.03.19"]
[Round "7.27"]
[White "Lopez Gracia Fernando"]
[Black "Veras Sanz Marino"]
[Result "1-0"]
[WhiteElo "2319"]
[BlackElo "2051"]

1.c4 d6 2.g3 g6 3.Bg2 Bg7 4.Nc3 e5 5.e4 Ne7 6.Nge2 O-O 7.O-O Be6 8.b3 Nbc6 9.
d3 Nd4 10.Nxd4 exd4 11.Ne2 c6 12.Bg5 h6 13.Bd2 a5 14.a3 d5 15.exd5 cxd5 16.c5
Qc8 17.b4 Bh3 18.Bxh3 Qxh3 19.bxa5 Nc6 20.Bf4 g5 21.Bd6 Rfe8 22.Nc1 Qe6 23.Nb3
Bf8 24.Bc7 Rac8 25.Bb6 Qh3 26.Qf3 Ne5 27.Qxd5 Nxd3 28.Rad1 Re5 29.Qxb7 Nf4 30.
Nxd4 Bxc5 31.gxf4 gxf4 32.Qf3 Rg5+ 33.Kh1 Qh4 34.Rg1 Bxd4 35.Bxd4 Rc2 36.Qa8+
1-0

[Event "Division Honor Grupo II"]
[Site ""]
[Date "2011.03.19"]
[Round "7.28"]
[White "Requena Munguira Jorge"]
[Black "Moreno Gracia Daniel"]
[Result "0-1"]
[WhiteElo "1983"]
[BlackElo "2277"]

1.d4 Nf6 2.c4 e6 3.Nc3 Bb4 4.Qc2 O-O 5.Bg5 d5 6.e3 b6 7.cxd5 Qxd5 8.Bxf6 gxf6
9.Nf3 Bb7 10.Bd3 Qh5 11.Be4 c6 12.g4 Qh3 13.Rg1 Kh8 14.Rg3 Qh6 15.Ng1 f5 16.
gxf5 exf5 17.Bxf5 Bc8 18.O-O-O Na6 19.Nf3 Bd6 20.Rg4 Nb4 21.Qe4 Qh5 22.Rg5 Qh6
23.Rdg1 Bxf5 24.Qxf5 Qe6 25.Kd2 Be7 26.Rh5 Qxf5 27.Rxf5 f6 28.Rg4 Rad8 29.Re4
Rd7 30.Ke2 Kg7 31.a3 Nd5 32.Rg4+ Kh8 33.b4 Nc7 34.Nd2 Ne8 35.Nc4 Ng7 36.Rf3
Ne6 37.Ne4 f5 0-1

[Event "Division Honor Grupo II"]
[Site ""]
[Date "2011.03.19"]
[Round "7.29"]
[White "Gil Capape MA"]
[Black "Hefty Hilardo Jorge Walter"]
[Result "0-1"]
[WhiteElo "2061"]
[BlackElo "2314"]

1.e4 c5 2.Nc3 a6 3.g3 b5 4.Bg2 Bb7 5.d3 e6 6.Qe2 Nc6 7.Nf3 Nd4 8.Nxd4 cxd4 9.
Nb1 Rc8 10.O-O Ne7 11.c3 Nc6 12.Bd2 Be7 13.f4 O-O 14.Be1 d5 15.exd5 exd5 16.
Qh5 dxc3 17.Nxc3 Nd4 18.Bf2 g6 19.Qd1 Bf6 20.g4 Re8 21.Re1 Rxe1+ 22.Bxe1 b4
23.Ne2 Nc2 24.Rc1 Ne3 25.Rxc8 Qxc8 26.Qc1 Nxg2 27.Qxc8+ Bxc8 28.Kxg2 Bxg4 29.
Kf2 a5 30.b3 Kf8 31.Ke3 Ke7 32.Nd4 Kd6 33.Nc2 Bd8 34.Bf2 Bb6+ 35.Nd4 Bd7 36.
Kf3 Bc5 37.Ke2 Bg4+ 38.Kd2 Kd7 39.Ke1 h6 40.Nc2 Bd6 41.Be3 f6 42.Kd2 Bc7 43.
Ke1 g5 44.fxg5 fxg5 45.Bg1 Bh3 46.d4 h5 47.Ne3 Ke6 48.Kf2 Bb6 49.Kg3 Bf5 50.
Nxf5 Kxf5 51.Kf3 g4+ 52.Ke3 Bc7 53.Kd3 Kf4 54.h3 Kf3 55.hxg4 hxg4 0-1

[Event "Division Honor Grupo II"]
[Site ""]
[Date "2011.03.19"]
[Round "7.30"]
[White "Castillo Sanjuan Alejandro"]
[Black "Alonso Fernandez Revuelta Rodri"]
[Result "1-0"]
[WhiteElo "1967"]
[BlackElo "2037"]

1.e4 c5 2.Nc3 Nc6 3.f4 d6 4.Bc4 Nf6 5.Nf3 e6 6.Bb3 Be7 7.O-O Bd7 8.d3 O-O 9.e5
Ne8 10.Qe1 Na5 11.Ne2 d5 12.Bd2 Nxb3 13.axb3 g6 14.g4 Ng7 15.Ng3 f5 16.exf6
Bxf6 17.Ne5 Qc7 18.Qe2 Bxe5 19.fxe5 Rxf1+ 20.Rxf1 Rf8 21.Rxf8+ Kxf8 22.Bg5 Bc6
23.Qf2+ Kg8 24.Bf6 d4 25.h4 Qf7 26.Qf4 Ne8 27.h5 Nc7 28.Qg5 b6 29.b4 a5 30.
bxc5 bxc5 31.h6 Kf8 32.Qd2 Ne8 33.Qxa5 Nxf6 34.Qxc5+ Qe7 35.Qxc6 1-0

[Event "Division Honor Grupo II"]
[Site ""]
[Date "2011.03.19"]
[Round "7.31"]
[White "Carraminana Lopez Luis Antonio"]
[Black "Jimenez Fernandez Alejandro"]
[Result "1/2-1/2"]
[WhiteElo "2067"]
[BlackElo "1966"]

1.e4 c6 2.d4 d5 3.Nd2 dxe4 4.Nxe4 Bf5 5.Ng3 Bg6 6.Nh3 e6 7.Nf4 Bd6 8.c3 Nf6 9.
h4 Bxf4 10.Bxf4 h6 11.h5 Bh7 12.Bd3 Bxd3 13.Qxd3 Qd5 14.c4 Qa5+ 15.Bd2 Qc7 16.
Bb4 Nbd7 17.Qa3 b6 18.Bd6 Qb7 19.O-O-O b5 20.Rhe1 Nb6 21.b3 bxc4 22.Nf5 Nxh5
23.g4 g6 24.Ne7 Nf4 25.Qc5 Nd3+ 26.Rxd3 cxd3 27.Qe5 Qxe7 28.Bxe7 Kxe7 29.Qc7+
Nd7 30.Kd2 Rhc8 31.Qf4 g5 32.Qh2 Rh8 33.f4 gxf4 34.Qxf4 Rag8 35.Rf1 f6 36.Kxd3
Rg5 37.Rc1 c5 38.dxc5 Nxc5+ 39.Ke3 Re5+ 40.Qxe5 1/2-1/2